000 00887cam a2200301 4500
001 J3678
008 090401t1996 xxu||||| |||| 00| 0 eng d
035 _a(Sirsi) u56416
041 _aeng
050 _a690.241
110 _aDepartment of National Heritage
_9729
245 _aProtecting our heritage : a consultation document on the built heritage of England and Wales.
260 _aLondon
_bDepartment of National Heritage
_c1996
300 _a61p. : ill. ; 30cm.
350 _a0
520 _aConsultation period ends 30 September 1996.
650 _aANCIENT MONUMENTS
650 _aARCHAEOLOGY
650 _aBUILT HERITAGE
650 _aCONSERVATION AREAS
650 _aCONSULTATION DOCUMENTS
650 _aENGLISH HERITAGE
650 _aLISTED BUILDINGS
650 _aPROTECTING OUR HERITAGE
690 _aCONSERVATION
942 _n0
948 _c04/03/1997
999 _c93789
_d93789